[Event "9th London Chess Classic 2017"]
[Site "London"]
[Date "2017.12.01"]
[Round "1"]
[White "Carlsen, Magnus"]
[Black "Caruana, Fabiano"]
[Result "1/2-1/2"]
[WhiteElo "2837"]
[BlackElo "2799"]
[Annotator "TA"]
[PlyCount "108"]
[EventDate "2017.??.??"]
[EventCountry "ENG"]
[SourceTitle "playchess.com"]
[Source "ChessBase"]
[SourceQuality "1"]

{[%evp 13,108,11,12,13,21,25,38,18,0,0,33,39,34,31,35,32,43,30,47,33,26,22,58,52,60,55,57,54,53,64,70,56,57,45,55,40,63,35,64,18,50,17,14,16,21,20,50,49,34,45,35,35,47,14,46,36,30,62,82,83,94,89,76,60,67,64,68,26,26,21,82,82,86,82,73,75,74,79,74,48,45,16,16,16,21,8,8,8,8,0,0,0,0,0,0,0,0]} 1. d4 d5 2. c4 dxc4 3. e3 Nf6 4. Bxc4 e6 5. Nf3 c5 6. O-O a6 7. Be2 {D27: Angenommenes Damengambit (Hauptvariante 7.e4, 7.a4)} (7. Nbd2 Nbd7 8. e4 b5 9. e5 bxc4 10. exf6 Nxf6 11. Nxc4 Bd7 12. Re1 Bb5 13. Nce5 Be7 14. a4 Bd7 15. Bg5 {½-½ (45) Grischuk,A (2782)-Caruana,F (2799) Saint Louis 2017}) 7... Nbd7 {LiveBook: 3 Partien} 8. Nc3 b6 $146 ({Vorgänger:} 8... Qc7 9. d5 exd5 10. Nxd5 Nxd5 11. Qxd5 Be7 12. Ng5 Ne5 13. e4 O-O 14. Bf4 {0-1 (48) Melkumyan,H (2653)-Paehtz,E (2459) Douglas 2016}) 9. e4 cxd4 10. Nxd4 Bb7 11. Be3 Bc5 12. f3 O-O 13. Qe1 Rc8 14. Qf2 b5 15. Rac1 Qe7 16. a4 bxa4 17. Nxa4 Bd6 18. Nb3 {[%cal Bd4b3,Bb3a5,Ba5c4][%mdl 32]} Bc6 19. Nc3 Rb8 20. Na5 Ba8 21. Nc4 Bc5 22. Rfd1 Rfc8 23. Na4 Bxe3 24. Qxe3 Qb4 25. Qa3 h6 26. Kf1 {[%cal Bg1f1,Bf1f2,Bf2e3][%mdl 32]} (26. Ncb6 $5 Qxa3 27. Rxc8+ Rxc8 28. bxa3 Nxb6 29. Nxb6 $14) 26... g5 27. Rc3 (27. Ncb6 $5 Qxa3 28. Rxc8+ Rxc8 29. bxa3 Nxb6 30. Nxb6 $16) 27... a5 28. Qxb4 axb4 29. Rcc1 Kf8 30. Na5 Ke7 31. Kf2 Rxc1 32. Rxc1 Ne8 33. Ke3 Nd6 34. Nc5 Rc8 35. Nab3 f5 {[#]} 36. Nxd7 $1 Rxc1 37. Nxc1 Kxd7 $16 {[%mdl 4096] Endspiel KLS-KLS} 38. Nd3 fxe4 39. fxe4 {[%cal Bf3e4,Be4e5][%mdl 32]} Ke7 40. e5 Nf5+ 41. Kf2 Nd4 (41... b3 $1 $11) 42. Bd1 b3 43. Nb4 Bd5 {[#]} 44. g3 $1 {[%cal Bg2g3,Bg3g4][%mdl 32]} Bc4 45. Ke3 Nf5+ 46. Ke4 Kd7 $1 47. g4 (47. Bg4 $5 {[%cal Rg4f5]}) 47... Ne7 {Die Stellung ist ausgeglichen.} 48. Kd4 Bf1 49. Bxb3 Be2 $1 50. h3 Bf1 51. Nd3 Nc6+ 52. Kc5 {Schwarz muss nun La4 beachten.} Bxd3 53. Ba4 Be4 {Und ...Kc7 würde nun gewinnen.} 54. Kb6 $1 Bd5 {Precision: Weiß = 67%, Schwarz = 62%.} 1/2-1/2

[Event "9th London Chess Classic 2017"]
[Site "London"]
[Date "2017.12.01"]
[Round "1"]
[White "So, Wesley"]
[Black "Vachier-Lagrave, Maxime"]
[Result "1/2-1/2"]
[WhiteElo "2788"]
[BlackElo "2789"]
[Annotator "TA"]
[PlyCount "61"]
[EventDate "2017.??.??"]
[EventCountry "ENG"]
[SourceTitle "playchess.com"]
[Source "ChessBase"]
[SourceQuality "1"]

{[%evp 13,61,9,10,4,10,1,8,-3,1,-3,17,19,10,9,9,9,15,0,0,0,0,0,0,0,0,0,0,0,0,-4,-4,-2,-13,-11,0,0,-3,-9,0,0,0,0,0,0,0,0,0,0,0,0]} 1. Nf3 c5 2. b3 b6 3. Bb2 Bb7 4. c4 Nf6 5. g3 e6 6. Bg2 {A30: Symmetrical English: Double Fianchetto and Hedgehog} Be7 7. Nc3 (7. O-O O-O 8. d4 d5 9. cxd5 Nxd5 10. dxc5 Bxc5 11. a3 a5 12. Nbd2 Na6 13. Qb1 Nf6 14. Ng5 {1-0 (14) Yu,Y (2749)-Xu,X (2536) Beijing 2017}) 7... O-O {LiveBook: 10 Games. The position is equal.} 8. d4 d5 9. cxd5 Nxd5 10. dxc5 Nxc3 11. Bxc3 Qxd1+ 12. Rxd1 Bxc5 13. O-O Rc8 $146 14. Bb2 a5 15. a3 Bf8 16. Rc1 Nd7 17. Nd2 Bxg2 18. Kxg2 b5 19. Rfd1 Nc5 20. Bd4 f6 21. Bxc5 Rxc5 22. Rxc5 Bxc5 $11 {[%mdl 4096] Endgame KRB-KRN} 23. Nb1 Be7 24. Rc1 Rd8 25. Kf1 Kf7 26. Ke1 Ke8 27. Rc6 Rd6 28. Rc8+ Rd8 29. Rc6 Rd6 30. Rc8+ Rd8 31. Rc6 {Precision: White = 73%, Black = 88%.} 1/2-1/2

[Event "9th London Chess Classic 2017"]
[Site "London"]
[Date "2017.12.01"]
[Round "1"]
[White "Nakamura, Hikaru"]
[Black "Anand, Viswanathan"]
[Result "1/2-1/2"]
[WhiteElo "2781"]
[BlackElo "2782"]
[Annotator "TA"]
[PlyCount "87"]
[EventDate "2017.??.??"]
[EventCountry "ENG"]
[SourceTitle "playchess.com"]
[Source "ChessBase"]
[SourceQuality "1"]

{[%evp 17,87,2,21,0,0,6,41,31,44,3,28,30,31,28,41,45,41,28,29,29,24,18,5,0,13,20,50,50,41,37,47,43,54,27,36,25,14,0,0,-93,-92,-88,-79,-72,-93,-77,-51,-66,-99,-114,0,0,0,0,0,-70,-72,-46,-8,-41,-48,-47,-50,-94,-95,-96,-49,-56,-35,-27,0,0]} 1. Nf3 Nf6 2. g3 d5 3. Bg2 c5 4. O-O g6 5. d4 (5. c3 Bg7 6. d4 cxd4 7. cxd4 O-O 8. Nc3 Ne4 9. Ng5 Nxc3 10. bxc3 h6 11. Nh3 Nc6 12. Nf4 e6 13. e4 dxe4 14. Bxe4 Bd7 15. d5 exd5 16. Bxd5 Ne5 17. Bxb7 {½-½ (28) Aronian,L (2799)-Anand,V (2783) Saint Louis 2017}) 5... cxd4 6. Nxd4 {A08: King's Indian Attack} Bg7 7. Nb3 Nc6 8. Nc3 e6 9. e4 d4 {LiveBook: 3 Games} 10. Na4 O-O 11. c3 {[%cal Rc3d4]} dxc3 12. Nxc3 e5 $146 ({Predecessor:} 12... Qe7) 13. Be3 Bg4 14. f3 Be6 15. Nc5 Qe7 16. Nxe6 Qxe6 17. Qd2 Rfd8 18. Qf2 Bf8 19. h3 Bb4 20. Rac1 Rd3 21. Rfd1 Rad8 22. Rxd3 Rxd3 23. Bf1 Rd8 24. a3 Be7 25. g4 Kg7 26. Kh2 h6 27. h4 Nd4 28. g5 (28. Kh1 $11 {remains equal.}) 28... hxg5 $17 29. hxg5 Nh7 $1 {[%cal Rh7g5]} 30. Bh3 {[#]} Qb3 $1 31. f4 Nc6 {aiming for ...exf4.} 32. Nd5 exf4 33. Bxf4 Bxg5 (33... Nxg5 $17 34. Rc3 (34. Bxg5 Bxg5 35. Qc2 Qxc2+ 36. Rxc2 Nd4 $17) 34... Qb5) 34. Bxg5 $11 Nxg5 35. Qf6+ Kh6 36. Bg2 (36. Rc3 $1 $11 Qxb2+ 37. Bg2) 36... Nh7 $1 $36 {[%cal Rh7f6][%mdl 2048] Black has strong initiative.} 37. Qxf7 Rf8 38. Qc7 {Black must now prevent Rc3.} Qxb2 39. Rh1 Qf2 $1 40. Kh3 {White threatens Kg4+ and mate.} Rf7 41. Qg3 Qb2 42. Ne3 $1 Nf6 {...Nh5 is the strong threat.} 43. Bf3 $1 {Hoping for Rg1.} Kh7 {[#] And now ...Kh8 would win.} ({Not} 43... Rh7 $2 {[#]} 44. Nf5+ $1 {[%mdl 512]} gxf5 45. exf5 $18) 44. Nf5 $1 {[%mdl 512] Precision: White = 52%, Black = 59%.} 1/2-1/2

[Event "9th London Chess Classic 2017"]
[Site "London"]
[Date "2017.12.01"]
[Round "1"]
[White "Nepomniachtchi, Ian"]
[Black "Aronian, Levon"]
[Result "1/2-1/2"]
[WhiteElo "2729"]
[BlackElo "2805"]
[Annotator "TA"]
[PlyCount "55"]
[EventDate "2017.??.??"]
[EventCountry "ENG"]
[SourceTitle "playchess.com"]
[Source "ChessBase"]
[SourceQuality "1"]

{[%evp 28,55,15,14,15,6,11,19,14,18,47,46,40,48,31,15,29,13,45,0,0,13,10,0,0,0,14,0,0,0]} 1. e4 e5 2. Nf3 Nc6 3. Bb5 a6 4. Ba4 Nf6 5. O-O Be7 6. d3 b5 7. Bb3 d6 8. a3 O-O 9. Nc3 Bg4 10. Be3 Nd4 {C84: Closed Ruy Lopez: Unusual White 6th moves} 11. Bxd4 exd4 12. Nd5 Nxd5 13. Bxd5 Rc8 14. Bc6 Bf6 15. a4 {LiveBook: 3 Games} Bd7 16. Bxd7 Qxd7 17. Qd2 {[#]} Rfe8 $146 ({Predecessor:} 17... Qc6 18. b3 {1-0 (64) Vachier Lagrave,M (2804)-Aronian,L (2799) Tbilisi 2017}) 18. Rfe1 h6 19. axb5 axb5 20. Ra6 c5 21. h3 c4 22. Qb4 Qb7 23. Rea1 ({Much weaker is} 23. Rxd6 Be7 $17) 23... cxd3 {The position is equal.} 24. cxd3 d5 25. Ra7 Qc6 26. R7a6 Qb7 27. Ra7 Qc6 28. R7a6 {Precision: White = 68%, Black = 74%.} 1/2-1/2

[Event "9th London Chess Classic 2017"]
[Site "London"]
[Date "2017.12.01"]
[Round "1"]
[White "Adams, Michael"]
[Black "Karjakin, Sergey"]
[Result "1/2-1/2"]
[WhiteElo "2715"]
[BlackElo "2760"]
[Annotator "TA"]
[PlyCount "60"]
[EventDate "2017.??.??"]
[EventCountry "ENG"]
[SourceTitle "playchess.com"]
[Source "ChessBase"]
[SourceQuality "1"]

{[%evp 24,60,22,25,30,26,33,24,45,35,74,20,30,0,0,0,0,-1,0,0,0,0,0,-26,-12,-12,0,0,2,0,0,0,10,0,0,0,0,0,12]} 1. c4 Nf6 2. g3 e6 3. Bg2 d5 4. Nf3 dxc4 5. Qa4+ Nbd7 6. Qxc4 a6 7. Qc2 c5 8. Nc3 Qc7 {A13: English Opening: 1...e6} (8... Bd6 9. O-O O-O 10. d4 Qe7 11. Rd1 h6 12. Bf4 Bxf4 13. gxf4 cxd4 14. Nxd4 Rd8 15. e3 Nf8 16. Na4 {½-½ (51) Grandelius,N (2649)-Carlsen,M (2851) Stavanger 2016}) 9. d4 b6 10. Bf4 Bd6 11. Bxd6 Qxd6 12. O-O Bb7 13. Rfd1 {LiveBook: 4 Games} O-O $146 ({Predecessor:} 13... Rc8 14. e4 cxd4 15. Nxd4 Qb8 16. Qe2 {1-0 (39) Andersen,M (2464)-Meijers,V (2478) Korbach 2012}) 14. e4 {[#] Hoping for e5.} cxd4 15. Nxd4 {aiming for e5!} Qc7 16. Rac1 Rac8 17. Qd2 (17. f4 $16) 17... Qb8 $1 $11 18. Qe2 b5 19. a3 g6 20. Qe3 Rfd8 21. h3 Ba8 22. Nde2 Kg7 23. b3 h5 24. Rd2 {The position is equal.} Qb6 25. Qxb6 Nxb6 26. Rxd8 Rxd8 27. e5 Nfd7 28. Bxa8 Rxa8 29. f4 Nc5 30. Nd4 Rd8 {Precision: White = 64%, Black = 57%.} 1/2-1/2

[Event "9th London Chess Classic 2017"]
[Site "London"]
[Date "2017.12.03"]
[Round "2"]
[White "Caruana, Fabiano"]
[Black "Aronian, Levon"]
[Result "1/2-1/2"]
[WhiteElo "2799"]
[BlackElo "2805"]
[Annotator "TA"]
[PlyCount "61"]
[EventDate "2017.??.??"]
[EventCountry "ENG"]
[SourceTitle "playchess.com"]
[Source "ChessBase"]
[SourceQuality "1"]

{[%evp 27,61,18,18,8,16,14,17,14,14,0,0,0,0,0,0,0,0,0,0,0,17,-4,-6,-10,-8,-9,0,0,0,-7,0,-6,0,-7,0,-12]} 1. e4 e5 2. Nf3 Nc6 3. Bb5 a6 4. Ba4 Nf6 5. O-O Be7 6. d3 b5 7. Bb3 d6 8. a3 O-O 9. Nc3 Bg4 10. Be3 Nd4 {C84: Spanische Partie (Mittelgambit)} 11. Bxd4 exd4 12. Nd5 Nxd5 13. Bxd5 Rc8 14. Bc6 Bf6 {LiveBook: 3 Partien. Die Stellung ist ausgeglichen.} 15. a4 Rb8 {[%cal Bc8b8,Bb8b6,Bb6b5][%mdl 32]} (15... Bd7 16. Bxd7 Qxd7 17. Qd2 Qc6 18. b3 {1-0 (64) Vachier Lagrave,M (2804)-Aronian,L (2799) Tbilisi 2017}) 16. h3 $146 ({Vorgänger:} 16. axb5 axb5 17. Ra7 Rb6 18. Bd5 {1-0 (36) Kashlinskaya,A (2433)-Guseva,M (2352) Bilbao 2014}) 16... Be6 17. axb5 axb5 18. Qd2 Rb6 19. Bd5 Bxd5 20. exd5 b4 21. b3 Rb5 22. Ra4 Qb8 23. Re1 Qb6 24. Re4 Qc5 25. g4 g6 26. Kg2 Bg7 27. Re7 Bf6 28. Re4 Bg7 29. Re7 Bf6 30. Re2 Bg7 31. Re7 {Precision: Weiß = 66%, Schwarz = 56%.} 1/2-1/2

[Event "9th London Chess Classic 2017"]
[Site "London"]
[Date "2017.12.03"]
[Round "2"]
[White "Vachier-Lagrave, Maxime"]
[Black "Nakamura, Hikaru"]
[Result "1/2-1/2"]
[WhiteElo "2789"]
[BlackElo "2781"]
[Annotator "TA"]
[PlyCount "93"]
[EventDate "2017.??.??"]
[EventCountry "ENG"]
[SourceTitle "playchess.com"]
[Source "ChessBase"]
[SourceQuality "1"]

{[%evp 32,93,-8,-53,12,20,56,0,138,0,0,0,0,0,0,0,0,0,0,0,0,0,0,0,0,0,0,0,0,0,0,0,0,0,0,0,0,0,77,0,0,0,29,0,0,0,0,0,0,0,0,0,0,0,0,0,0,0,0,0,0,0,0,0]} 1. e4 c5 2. Nf3 d6 3. d4 cxd4 4. Nxd4 Nf6 5. Nc3 g6 6. Be3 Bg7 7. f3 O-O 8. Qd2 Nc6 9. Bc4 Bd7 10. h4 h5 11. Bb3 Rc8 12. O-O-O Ne5 13. Bg5 Rc5 14. Kb1 Re8 15. g4 {B78: Sicilian Dragon: Yugoslav Attack, 9 Bc4 Bd7 10 0-0-0 Rc8} (15. Bh6 a5 16. a4 Qb6 17. g4 Rxc3 18. bxc3 Nxf3 19. Nxf3 Nxe4 20. Qd3 Nxc3+ 21. Kc1 Bxh6+ 22. Ng5 Bg7 {½-½ (58) Karjakin,S (2771)-Carlsen,M (2881) Dubai 2014}) 15... hxg4 16. f4 Nc4 17. Qd3 {LiveBook: 4 Games} Na5 ({Black should play} 17... Qc8 $1 $15) 18. Bxf6 $146 ({Predecessor:} 18. h5 Nxh5 19. f5 Nxb3 20. Nxb3 Rxc3 21. bxc3 Qc7 22. fxg6 fxg6 {0-1 (69) Misiano,F (2265)-Cacciola,A (2118) Lugano 2015}) 18... exf6 19. Bd5 {[#]} (19. f5 $1 $14) 19... Nc6 {[#]} (19... f5 $1 $11 {[%mdl 512]} 20. exf5 Bc6 21. Bxc6 Nxc6 22. Nxc6 bxc6 23. fxg6 Bxc3 24. bxc3 Qf6) 20. Nxc6 (20. Ndb5 $1 $16) 20... bxc6 {[#]} 21. Bxf7+ $1 {[%mdl 512]} Kxf7 22. Qxd6 Rxc3 23. Qxd7+ Qxd7 24. Rxd7+ Ke6 25. Rxg7 {[%mdl 4096] Endgame KRR-KRR} Rf3 26. Rxg6 Rxf4 {Strongly threatening ...Kf7.} 27. Rg1 Rxe4 28. R6xg4 Rxg4 29. Rxg4 {KR-KR} f5 (29... Kf5 $5 30. Rg1 $8 Rh8 $14) 30. Ra4 Rg8 {[%cal Rg8g1]} 31. b3 Rg4 32. Rxa7 f4 33. Kc1 f3 34. Kd2 Rxh4 (34... Re4 $11 {keeps the balance.} 35. Ra4 Re2+ 36. Kd3 Kf5) 35. Ra8 ({White should try} 35. Ke3 $16) 35... Rh2+ $1 ({Reject} 35... Rf4 $6 36. Ke1 $16) 36. Kd3 Kf5 37. a4 Kg4 {The position is equal.} 38. a5 {And now a6 would win.} Rh1 39. Rg8+ Kf4 $1 40. Rf8+ Kg3 41. Rg8+ Kf4 42. Rf8+ Kg3 43. b4 f2 44. Kd4 f1=Q 45. Rxf1 Rxf1 46. Kc5 Rc1 47. Kxc6 {Precision: White = 53%, Black = 76%.} 1/2-1/2

[Event "9th London Chess Classic 2017"]
[Site "London"]
[Date "2017.12.03"]
[Round "2"]
[White "So, Wesley"]
[Black "Nepomniachtchi, Ian"]
[Result "1/2-1/2"]
[WhiteElo "2788"]
[BlackElo "2729"]
[Annotator "TA"]
[PlyCount "53"]
[EventDate "2017.??.??"]
[EventCountry "ENG"]
[SourceTitle "playchess.com"]
[Source "ChessBase"]
[SourceQuality "1"]

{[%evp 9,53,44,77,75,72,78,91,71,75,77,83,81,88,90,83,89,108,108,108,108,108,116,104,103,116,83,95,76,79,31,35,0,0,-20,0,14,0,0,53,0,0,0,70,0,0,0]} 1. d4 Nf6 2. c4 g6 3. f3 d6 (3... e6 4. e4 c5 5. d5 d6 6. Nc3 Bg7 7. Nge2 exd5 8. cxd5 O-O 9. Ng3 a6 10. a4 h5 11. Be2 Qe8 12. Bf4 Qe7 13. Bg5 Qe8 14. Qd2 Nbd7 15. Bh6 Qe5 16. Bxg7 Kxg7 17. Bd3 Rb8 18. Rd1 {1-0 (49) So,W (2778)-Nepomniachtchi,I (2720) Dortmund 2015}) 4. e4 e5 5. Ne2 c5 6. d5 {E60: King's Indian: Unusual lines and Fianchetto Variation without Nc3} Nbd7 $146 ({Predecessor:} 6... h5 7. h4 Bh6 8. Bxh6 Rxh6 9. Qd2 Rh8 10. Nbc3 Na6 11. Nc1 {1-0 (39) Grischuk,A (2779)-Nepomniachtchi,I (2717) Khanty-Mansiysk 2013}) 7. Nbc3 a6 8. a4 {White is better.} Nh5 9. g3 Bg7 10. h4 f5 11. exf5 gxf5 12. g4 fxg4 13. fxg4 {[%cal Bf3g4,Bg4g5][%mdl 32]} Nf4 {[#]} 14. g5 $1 O-O 15. Ne4 Nb6 16. N2g3 Bd7 17. Rg1 Kh8 18. Bd2 {[#] aiming for Ba5.} Nc8 19. Nh5 Bf5 20. Neg3 (20. Nef6 $5) 20... Qd7 $36 {[%mdl 2048] ...Bg4 is the strong threat. Black is pushing.} 21. Nxg7 Qxg7 22. Nxf5 Rxf5 23. Qb3 Na7 (23... Rf8 $11) 24. Qb6 Nc8 25. Qb3 Na7 26. Qb6 (26. O-O-O $14) 26... Nc8 $1 $11 {[%cal Rc8b6]} 27. Qb3 {Precision: White = 56%, Black = 74%.} 1/2-1/2

[Event "9th London Chess Classic 2017"]
[Site "London"]
[Date "2017.12.03"]
[Round "2"]
[White "Anand, Viswanathan"]
[Black "Adams, Michael"]
[Result "1/2-1/2"]
[WhiteElo "2782"]
[BlackElo "2715"]
[Annotator "TA"]
[PlyCount "95"]
[EventDate "2017.??.??"]
[EventCountry "ENG"]
[SourceTitle "playchess.com"]
[Source "ChessBase"]
[SourceQuality "1"]

{[%evp 19,95,10,11,3,11,26,31,20,43,8,17,4,12,-10,0,-14,0,0,0,0,18,0,13,16,22,16,22,10,9,10,10,5,12,5,9,9,8,8,16,13,16,10,21,0,0,0,0,0,0,0,0,1,3,2,8,6,0,0,0,0,0,2,8,0,7,4,2,2,8,8,8,4,8,8,10,17,8,0]} 1. e4 e5 2. Nf3 Nc6 3. Bb5 Nf6 4. d3 Bc5 5. c3 O-O 6. O-O {C65: Ruy Lopez: Berlin Defence (3...Nf6), unusual lines and 4 0-0 Bc5} d5 7. exd5 Qxd5 8. Bc4 Qd8 9. b4 Be7 10. Nbd2 Bf5 {LiveBook: 3 Games} 11. Qc2 a6 {Threatening ...b5.} 12. a4 Qd7 $146 ({Predecessor:} 12... Nd5 13. Ne4 Bg4 {½-½ (21) Svidler,P (2745)-Eljanov,P (2741) Germany 2016}) 13. Bb2 Bd6 14. Ne4 Nxe4 {The position is equal.} 15. dxe4 Be6 16. Be2 f6 17. a5 Rfd8 18. Bc1 Qf7 19. Be3 Bf8 20. Rfb1 Bc4 21. Bxc4 Qxc4 22. Nd2 Qe6 23. Kf1 Na7 24. Bxa7 Rxa7 25. Qa2 Kf7 26. Ke2 (26. Nc4 {is interesting.} Rd3 27. Qb3 g6 28. Ke2 Rd8 29. f3) 26... Raa8 27. Qxe6+ Kxe6 28. Nc4 c6 29. Nb6 Rab8 30. Rd1 c5 31. Rxd8 (31. Nd5 {looks sharper.} cxb4 32. cxb4 Rbc8 33. Rab1 Rc2+ 34. Rd2) 31... Rxd8 $11 {[%mdl 4096] Endgame KRB-KRN} 32. Nd5 cxb4 33. cxb4 {[%cal Bc3b4,Bb4b5][%mdl 32]} Rc8 34. Kd3 f5 35. f3 Bd6 36. Rb1 h5 37. Ne3 g6 38. b5 fxe4+ 39. fxe4 {bxa6 is the strong threat.} Bc7 $1 40. Nd5 Bxa5 41. Ra1 Bd8 42. bxa6 bxa6 43. Rxa6+ Kf7 44. Ra7+ Ke8 45. Rh7 Rc6 46. g3 Rc1 47. Rh8+ Kd7 48. Rh7+ {Precision: White = 73%, Black = 66%.} 1/2-1/2

[Event "9th London Chess Classic 2017"]
[Site "London"]
[Date "2017.12.03"]
[Round "2"]
[White "Karjakin, Sergey"]
[Black "Carlsen, Magnus"]
[Result "1/2-1/2"]
[WhiteElo "2760"]
[BlackElo "2837"]
[Annotator "TA"]
[PlyCount "59"]
[EventDate "2017.??.??"]
[EventCountry "ENG"]
[SourceTitle "playchess.com"]
[Source "ChessBase"]
[SourceQuality "1"]

{[%evp 17,59,21,41,37,41,33,47,49,58,40,47,48,59,58,57,0,0,0,0,0,0,0,58,56,50,0,0,0,0,0,0,0,0,0,0,0,0,0,0,0,0,-5,0,-7]} 1. e4 e5 2. Nf3 Nc6 3. Bc4 Bc5 4. O-O Nf6 5. d3 d6 6. c3 a6 7. a4 {C54: Giuoco Piano: 4 c3 Nf6, main lines with 5 d4 and 5 d3} Ba7 8. Re1 (8. Nbd2 O-O 9. h3 h6 10. Re1 Re8 11. b4 Be6 12. Bxe6 Rxe6 13. Qc2 Ne7 14. Nf1 Ng6 {1-0 (86) Karjakin,S (2781)-Carlsen,M (2832) Paris 2017}) 8... h6 9. Nbd2 g5 {LiveBook: 4 Games} 10. b4 $146 {[%cal Bb2b4,Bb4b5][%mdl 32]} ({Predecessor:} 10. Nf1 g4 11. N3d2 h5 12. Nb3 g3 13. Nxg3 Bg4 14. Qc2 h4 {0-1 (45) Oparin,G (2605)-Matlakov,M (2730) Sochi 2017}) 10... Nh5 {[#] And now ...g4 would win.} 11. Nb3 {Hoping for b5.} g4 {...Qf6 is the strong threat.} 12. b5 gxf3 13. Qxf3 {[%csl Gc4][%cal Rf3f7]} (13. bxc6 b5 $11) 13... Qf6 14. Qxf6 Nxf6 15. bxc6 bxc6 16. d4 ({White should try} 16. Na5 $14) 16... Be6 $11 17. Bxe6 fxe6 18. Be3 exd4 19. Bxd4 e5 (19... Bxd4 $11 20. cxd4 (20. Nxd4 Kd7 $11) 20... Rb8) 20. Bxa7 $14 Rxa7 21. Na5 (21. f4 $5) 21... Kd7 {The position is equal.} 22. Rab1 Raa8 23. f3 Rab8 24. Kf2 h5 25. h4 Rhf8 26. Ke3 Rg8 27. Kf2 Rgf8 28. Ke3 Rg8 29. Kf2 Rgf8 30. Ke3 {Precision: White = 85%, Black = 73%.} 1/2-1/2

[Event "9th London Chess Classic 2017"]
[Site "London"]
[Date "2017.12.04"]
[Round "3"]
[White "Carlsen, Magnus"]
[Black "Anand, Viswanathan"]
[Result "1/2-1/2"]
[WhiteElo "2874"]
[BlackElo "2770"]
[Annotator "TA"]
[PlyCount "62"]
[EventDate "2017.??.??"]
[EventCountry "ENG"]
[SourceTitle "playchess.com"]
[Source "ChessBase"]
[SourceQuality "1"]

{[%evp 16,62,0,-13,17,-20,-6,-7,0,-23,-22,-11,16,0,0,-19,5,-25,-32,-35,-44,-38,-53,-52,-56,-68,-48,-58,0,-6,0,0,0,0,0,0,0,0,0,0,0,0,3,0,5,7,6,0,4]} 1. d4 Nf6 2. c4 e6 3. g3 d5 4. Bg2 dxc4 5. Nf3 c5 6. O-O Nc6 7. Na3 cxd4 8. Nxc4 Bc5 {E04: Open Catalan: 5 Nf3} 9. b3 {LiveBook: 3 Games} Qe7 10. Nfe5 Nxe5 11. Nxe5 Nd7 $146 ({Predecessor:} 11... O-O 12. Bb2 Rd8 13. Rc1 Rb8 14. Qc2 Bb6 15. Rfd1 Nd7 16. Nc4 {½-½ (67) Melkumyan,H (2642)-Grachev,B (2654) Tbilisi 2017}) 12. Bf4 O-O 13. Rc1 Rd8 14. Nd3 Bb6 15. Bc7 Re8 16. Qc2 e5 17. Rfd1 Nf8 18. a4 ({Reject} 18. Bxe5 Bf5 $17) 18... Bg4 19. Bxb6 (19. Bxb7 $2 Rac8 $17) 19... axb6 20. h3 Rac8 21. Qd2 Be6 (21... Bh5 $15) 22. Nxe5 $11 {The position is equal.} Rxc1 23. Rxc1 Bxb3 24. Nf3 {[%cal Be5f3,Bf3d4,Bd4f5,Bf5e3][%mdl 32]} Bxa4 25. Nxd4 Ne6 26. Nf5 Qf6 27. Ne3 Qd4 28. Qa2 {[#] Rc4 is the strong threat.} Nc5 {aiming for ...Rxe3.} 29. Rc4 Bb3 30. Rxd4 Bxa2 31. Rb4 Re6 {Precision: White = 55%, Black = 62%.} 1/2-1/2

[Event "9th London Chess Classic 2017"]
[Site "London"]
[Date "2017.12.04"]
[Round "3"]
[White "Nakamura, Hikaru"]
[Black "So, Wesley"]
[Result "1/2-1/2"]
[WhiteElo "2806"]
[BlackElo "2784"]
[Annotator "TA"]
[PlyCount "61"]
[EventDate "2017.??.??"]
[EventCountry "ENG"]
[SourceTitle "playchess.com"]
[Source "ChessBase"]
[SourceQuality "1"]

{[%evp 18,61,0,14,25,20,31,27,22,20,18,12,41,31,44,43,43,45,52,35,37,34,41,41,43,6,8,8,24,0,0,0,0,0,0,0,0,-15,-12,-9,-7,-20,0,0,0,0]} 1. c4 c5 2. Nf3 Nc6 3. d4 cxd4 4. Nxd4 Nf6 5. Nc3 e6 6. e4 Bb4 7. Nxc6 bxc6 8. Bd3 e5 9. O-O O-O 10. Be3 {LiveBook: 30 Games} d5 {B44: Sicilian: Taimanov: 5 Nb5} (10... Bxc3 11. bxc3 d6 12. h3 Nd7 13. Qa4 Nc5 14. Bxc5 dxc5 15. Qxc6 Bxh3 16. Rfd1 Qg5 17. Bf1 Bg4 18. Rd5 {1-0 (59) Vishnu,P (2538)-Thybo,J (2464) Lund 2017}) 11. exd5 Bxc3 $1 12. bxc3 cxd5 {White has an edge.} 13. Bg5 $146 {Black must now prevent Bxf6.} ({Predecessor:} 13. cxd5 Qxd5 14. c4 Qc6 15. Re1 e4 16. Be2 Bf5 17. Qd4 Rfd8 18. Qe5 Bg4 19. Bf1 Nd7 20. Qb5 Rdc8 21. Bd4 {1-0 (34) Melao,H (2200)-Druon,R (2208) ICCF corr 2000}) 13... dxc4 14. Bxc4 Qc7 15. Bxf6 Qxc4 16. Bxe5 Bf5 17. Bd4 Rfe8 18. Qc1 h6 19. Qf4 Bg6 20. Qg3 Kh7 21. h4 {[#] h5! is the strong threat.} f6 22. Rfd1 Re7 23. Rd2 Rae8 {The position is equal.} 24. f3 Re2 25. Rxe2 Rxe2 26. a3 Qb3 27. Re1 Rxe1+ 28. Qxe1 Qxa3 29. c4 Qd3 30. Bxa7 Qxc4 31. Bf2 {Precision: White = 52%, Black = 66%.} 1/2-1/2